Analytical view on using blog as a tool of marketing communication on Slovak virtual market

Gespeichert in:
Bibliographische Detailangaben
1. Verfasser: Pollák, František, 1985-
Weitere Verfasser: Dorčák, Peter, 1979-, Svetozarovová, Nella
Format: Buchkapitel
Sprache:Englisch
Tags: Tag hinzufügen
Keine Tags, Fügen Sie das erste Tag hinzu!

MARC

LEADER 00000naa$a2200000$$$4500
001 0226992
005 20240502073736.2
041 0 |a eng 
044 |a SK 
245 1 0 |a Analytical view on using blog as a tool of marketing communication on Slovak virtual market  |c František Pollák, Peter Dorčák, Nella Svetozarovová 
100 1 |a Pollák, František, 1985- 
700 1 |a Dorčák, Peter, 1979- 
700 1 |a Svetozarovová, Nella